[Event "It (cat.9)"]
[Site "Sabac (Yugoslavia)"]
[Round "13"]
[White "Zontakh Andrey (UKR)"]
[Black "Cabrilo Goran (SRB)"]
[Result "1/2-1/2"]
[WhiteElo "2540"]
[BlackElo "2430"]

1.Nf3 Nf6 2.c4 c5 3.Nc3 Nc6 4.g3 g6 5.Bg2 Bg7 6.O-O O-O 7.d4 cxd4 8.Nxd4 Nxd4
9.Qxd4 d6 10.Qd3 Bf5 11.e4 Be6 {#d} 1/2-1/2

[Event "Ch Slovakia (team) 1998/99 (1 liga) West"]
[Site "Slovakia"]
[Round "2"]
[White "Majzlan Igor (SVK)"]
[Black "Todor Razvan (AUT)"]
[Result "1-0"]
[WhiteElo "2174"]
[BlackElo "2205"]

1.c4 c5 2.Nc3 Nc6 3.g3 g6 4.Bg2 Bg7 5.Nf3 Nf6 6.O-O O-O 7.d4 cxd4 8.Nxd4 Ng4
9.e3 d6 10.Nxc6 bxc6 11.Bxc6 Rb8 12.f4 Rxb2 13.Bxb2 Nxe3 14.Qb3 Nxc4 15.Qxc4
Qb6+ 16.Rf2 Bd4 17.Qxd4 Qxd4 18.Nd5 {#r} 1-0

[Event "Tournament"]
[Site "Asuncion (Paraguay)"]
[Round "3"]
[White "Sosa Harrison Jorge (PAR)"]
[Black "Ferreira Oscar Vieira (BRA)"]
[Result "1/2-1/2"]
[WhiteElo "2248"]
[BlackElo "2125"]

1.Nf3 Nf6 2.c4 c5 3.Nc3 Nc6 4.g3 g6 5.Bg2 Bg7 6.O-O O-O 7.d4 cxd4 8.Nxd4 Nxd4
9.Qxd4 d6 10.Qd3 Bf5 {#d} 1/2-1/2

[Event "Staatsliga B South 1998/99"]
[Site "Austria"]
[Round "9"]
[White "Fogarasi Tibor (HUN)"]
[Black "Petran Pal (HUN)"]
[Result "1/2-1/2"]
[WhiteElo "2420"]
[BlackElo "2371"]

1.c4 Nf6 2.Nc3 c5 3.Nf3 Nc6 4.g3 g6 5.Bg2 Bg7 6.O-O O-O 7.d4 cxd4 8.Nxd4 Ng4
9.e3 d6 10.b3 Nxd4 11.exd4 Nh6 12.Bb2 Rb8 13.a4 Nf5 14.Ne2 b6 15.Qd2 e6 16.d5
Bxb2 17.Qxb2 e5 {#d} 1/2-1/2

[Event "Ch NRW (juniors) (under 16)"]
[Site "Bergneustadt (Germany)"]
[Round "7"]
[White "Seel Christian (GER)"]
[Black "Menkowski Patrick"]
[Result "1/2-1/2"]
[WhiteElo "2116"]
[BlackElo "1622"]

1.Nf3 Nf6 2.c4 c5 3.Nc3 Nc6 4.g3 g6 5.Bg2 Bg7 6.O-O O-O 7.d4 cxd4 8.Nxd4 a6
9.e3 Qc7 10.b3 Rd8 11.Bb2 Nxd4 12.Qxd4 e6 13.Rac1 Rb8 14.Rfd1 d6 15.e4 b6
16.Qd2 Bb7 17.f4 {#d} 1/2-1/2

[Event "Memorial Elekes (cat.8)"]
[Site "Budapest (Hungary)"]
[Round "7"]
[White "Grund Holger (GER)"]
[Black "Gross David (GER)"]
[Result "1/2-1/2"]
[WhiteElo "2482"]
[BlackElo "2425"]

1.Nf3 Nf6 2.c4 c5 3.g3 g6 4.Bg2 Bg7 5.O-O O-O 6.Nc3 Nc6 7.d4 cxd4 8.Nxd4 Nxd4
9.Qxd4 d6 10.Qd2 Qc7 {#d} 1/2-1/2

[Event "Czech League 1998/99 (2nd) (a)"]
[Site "Czech Republic"]
[Round "0"]
[White "Sustr Jaromir (CZE)"]
[Black "Volf Jaromir (CZE)"]
[Result "1/2-1/2"]
[WhiteElo "2181"]
[BlackElo "2079"]

1.c4 g6 2.Nf3 Bg7 3.Nc3 Nf6 4.g3 O-O 5.Bg2 c5 6.O-O Nc6 7.d4 cxd4 8.Nxd4 Nxd4
9.Qxd4 d6 10.Qd1 Qc7 11.Nd5 Nxd5 12.cxd5 b6 {#d} 1/2-1/2

[Event "It (open)"]
[Site "Lillet (Spain)"]
[Round "6"]
[White "Lebel Patrick (MNC)"]
[Black "Diaz Lopez Pedro (ESP)"]
[Result "1-0"]
[WhiteElo "2217"]
[BlackElo "1982"]

1.Nf3 Nf6 2.c4 c5 3.Nc3 Nc6 4.g3 g6 5.Bg2 Bg7 6.O-O O-O 7.d4 cxd4 8.Nxd4 Ng4
9.e3 d6 10.b3 Nge5 11.h3 Nxd4 12.exd4 Nc6 13.Be3 a6 14.Qd2 Qa5 15.Rad1 Bd7
16.Nd5 Rac8 17.Nxe7+ {#r} 1-0

[Event "It (open)"]
[Site "Rymarow (Poland)"]
[Round "0"]
[White "Krivoshey Sergei (UKR)"]
[Black "Ciprys Martin (CZE)"]
[Result "1-0"]
[WhiteElo "2454"]
[BlackElo "2120"]

1.Nf3 c5 2.c4 Nc6 3.g3 g6 4.Bg2 Bg7 5.Nc3 Nf6 6.O-O O-O 7.d4 cxd4 8.Nxd4 a6
9.c5 e5 10.Nb3 Ne8 11.Be3 f5 12.Qd2 Kh8 13.Nd5 Nf6 14.Bg5 Ne7 15.Nb6 Rb8
16.Qd6 {#r} 1-0

[Event "It (open)"]
[Site "Suncoast (Australia)"]
[Round "8"]
[White "Sandler Leonid (AUS)"]
[Black "Chambers Matthew (AUS)"]
[Result "1-0"]
[WhiteElo "2366"]
[BlackElo "2110"]

1.Nf3 Nf6 2.c4 c5 3.g3 g6 4.Bg2 Bg7 5.O-O O-O 6.Nc3 Nc6 7.d4 cxd4 8.Nxd4 Nxd4
9.Qxd4 d6 10.Qd2 Rb8 11.b3 Bd7 12.Bb2 Bc6 13.e4 a6 14.Rfe1 Qc7 15.Rac1 Qa5
16.a3 b5 17.e5 {#r} 1-0

[Event "It"]
[Site "Timishoara (Romania)"]
[Round "0"]
[White "Dragomirescu Calin (ROM)"]
[Black "Tarata Marius (MDA)"]
[Result "1/2-1/2"]
[WhiteElo "2243"]
[BlackElo "2097"]

1.c4 c5 2.Nc3 Nc6 3.g3 g6 4.Bg2 Bg7 5.Nf3 Nf6 6.O-O O-O 7.d4 cxd4 8.Nxd4 Nxd4
9.Qxd4 d6 10.Qd1 Bd7 11.b3 Bc6 12.Bb2 {#d} 1/2-1/2

[Event "Ch Greece (team)"]
[Site "Athens (Greece)"]
[Round "2"]
[White "Kalaitzidis Panayotis (GRE)"]
[Black "Solidakis Nektarios (GRE)"]
[Result "1/2-1/2"]
[WhiteElo "2118"]
[BlackElo "2057"]

1.c4 c5 2.g3 Nf6 3.Bg2 g6 4.Nc3 Bg7 5.Nf3 Nc6 6.O-O O-O 7.d4 cxd4 8.Nxd4 Nxd4
9.Qxd4 d6 10.Qd1 Rb8 11.b3 Ne4 12.Bxe4 Bxc3 13.Rb1 Qa5 {#d} 1/2-1/2

[Event "It (open) (a)"]
[Site "Dortmund (Germany)"]
[Round "8"]
[White "Johannsen Dennis (GER)"]
[Black "Klanert Karsten (GER)"]
[Result "1/2-1/2"]
[WhiteElo "2126"]
[BlackElo "2141"]

1.Nf3 c5 2.g3 Nf6 3.Bg2 g6 4.O-O Bg7 5.c4 Nc6 6.Nc3 O-O 7.d4 cxd4 8.Nxd4 Nxd4
9.Qxd4 d6 10.Qh4 a6 11.Bh6 Bxh6 12.Qxh6 Be6 13.Nd5 Nxd5 14.cxd5 Bd7 15.Rac1
{#d} 1/2-1/2

[Event "Cup Russia (final)"]
[Site "Elista (Russia)"]
[Round "10"]
[White "Kosyrev Vladimir (RUS)"]
[Black "Balashov Yuri S (RUS)"]
[Result "1/2-1/2"]
[WhiteElo "2512"]
[BlackElo "2575"]

1.Nf3 c5 2.c4 Nc6 3.g3 g6 4.Bg2 Bg7 5.O-O Nf6 6.Nc3 O-O 7.d4 cxd4 8.Nxd4 Nxd4
9.Qxd4 d6 10.Qd2 a6 11.b3 {#d} 1/2-1/2

[Event "Ch Argentina (1/2 final)"]
[Site "Ezeiza (Argentina)"]
[Round "9"]
[White "Julia Ernesto (ARG)"]
[Black "Bertona Fernando (ARG)"]
[Result "1/2-1/2"]
[WhiteElo "2393"]
[BlackElo "2405"]

1.c4 c5 2.Nc3 Nf6 3.g3 Nc6 4.Bg2 g6 5.Nf3 Bg7 6.O-O O-O 7.d4 cxd4 8.Nxd4 Nxd4
9.Qxd4 d6 10.Bg5 h6 11.Bd2 {#d} 1/2-1/2

[Event "Oberliga East A 1999/00"]
[Site "Germany"]
[Round "8"]
[White "Liebert Heinz (GER)"]
[Black "Saenger Andreas (GER)"]
[Result "1/2-1/2"]
[WhiteElo "2316"]
[BlackElo "2110"]

1.c4 Nf6 2.Nf3 g6 3.g3 Bg7 4.Bg2 c5 5.O-O O-O 6.Nc3 Nc6 7.d4 cxd4 8.Nxd4 Qb6
9.Nb3 d6 10.Bg5 Be6 11.Nd5 Bxd5 12.cxd5 Nb4 13.a3 Na6 14.Be3 Qb5 15.Rb1 Nc7
16.Nd4 Qa5 17.Nb3 Qb5 18.Nd4 Qa5 {#d} 1/2-1/2

[Event "Oberliga East A 2000/01"]
[Site "Germany"]
[Round "2"]
[White "Richter Mirko (GER)"]
[Black "Scheurer Ulf (GER)"]
[Result "1/2-1/2"]
[WhiteElo "2074"]
[BlackElo "2135"]

1.c4 Nf6 2.Nf3 c5 3.g3 g6 4.Bg2 Bg7 5.Nc3 O-O 6.O-O Nc6 7.d4 cxd4 8.Nxd4 Nxd4
9.Qxd4 d6 10.Bg5 h6 11.Bxf6 Bxf6 12.Qd2 Bg7 13.Rac1 Rb8 14.Rfd1 {#d} 1/2-1/2

[Event "Ch Hessen (juniors) (under 18)"]
[Site "Hessen (Germany)"]
[Round "5"]
[White "Ruecker Benjamin (GER)"]
[Black "Overbeck Thorsten (GER)"]
[Result "1/2-1/2"]
[WhiteElo "2234"]
[BlackElo "2153"]

1.c4 Nf6 2.Nf3 g6 3.g3 Bg7 4.Bg2 O-O 5.O-O c5 6.Nc3 Nc6 7.d4 cxd4 8.Nxd4 Nxd4
9.Qxd4 d6 10.e4 Nd7 11.Qd2 a6 12.b3 Rb8 13.Bb2 b5 14.cxb5 axb5 15.Nd5 Nc5
16.Bxg7 Kxg7 17.Rfd1 Bg4 {#d} 1/2-1/2

[Event "Ch Hungary (team) 2000/01"]
[Site "Hungary"]
[Round "2"]
[White "Kovacs G_ (HUN)"]
[Black "Nguyen Anh Dung (VIE)"]
[Result "1/2-1/2"]
[WhiteElo "2348"]
[BlackElo "2487"]

1.d4 Nf6 2.Nf3 g6 3.g3 Bg7 4.Bg2 O-O 5.O-O c5 6.c4 Nc6 7.Nc3 cxd4 8.Nxd4 Ng4
9.e3 Nge5 10.b3 d6 11.h3 Rb8 12.Bb2 a6 13.Nd5 {#d} 1/2-1/2

[Event "Ch Israel (team)"]
[Site "Israel"]
[Round "7"]
[White "Marin Mihail (ROM)"]
[Black "Kantsler Boris (ISR)"]
[Result "1/2-1/2"]
[WhiteElo "2557"]
[BlackElo "2524"]

1.c4 g6 2.g3 Bg7 3.Bg2 c5 4.Nc3 Nc6 5.Nf3 Nf6 6.O-O O-O 7.d4 cxd4 8.Nxd4 Nxd4
9.Qxd4 d6 10.Qd3 Qa5 11.h3 a6 12.Bd2 Rb8 13.b3 Be6 14.a4 Rfc8 15.Ra2 Qb6
16.Rb1 {#d} 1/2-1/2

[Event "Ch Paris (open)"]
[Site "Paris (France)"]
[Round "8"]
[White "Chomet Pascal (FRA)"]
[Black "Abergel Thal (FRA)"]
[Result "1/2-1/2"]
[WhiteElo "2384"]
[BlackElo "2279"]

1.c4 g6 2.Nc3 Bg7 3.g3 Nf6 4.Bg2 O-O 5.Nf3 c5 6.O-O Nc6 7.d4 cxd4 8.Nxd4 Nxd4
9.Qxd4 d6 10.Qh4 Re8 11.Bh6 Bh8 12.h3 Qb6 13.Be3 Qc7 14.Rac1 Bd7 15.b4 Bc6
16.Nd5 Qd7 17.Rfd1 Nxd5 18.Bxd5 {#d} 1/2-1/2

[Event "Ch SVR (open)"]
[Site "Reil (Germany)"]
[Round "6"]
[White "Ries Norbert (GER)"]
[Black "Dany Alexander (GER)"]
[Result "1-0"]
[WhiteElo "2004"]
[BlackElo "2087"]

1.Nf3 c5 2.c4 Nc6 3.Nc3 g6 4.g3 Bg7 5.Bg2 Nf6 6.O-O O-O 7.d4 cxd4 8.Nxd4 a6
9.c5 Qc7 10.Nb3 Rd8 11.Bf4 e5 12.Bg5 Ne7 13.Qd6 Qxd6 14.cxd6 Nc6 15.Nd5 Nxd5
16.Bxd8 {#r} 1-0

[Event "It (b)"]
[Site "Santo Antonio (Portugal)"]
[Round "3"]
[White "Prata Jose (POR)"]
[Black "Ribeiro Joao Mario (POR)"]
[Result "1/2-1/2"]
[WhiteElo "2082"]
[BlackElo "2276"]

1.Nf3 Nf6 2.g3 g6 3.Bg2 Bg7 4.O-O c5 5.c4 O-O 6.Nc3 Nc6 7.d4 cxd4 8.Nxd4 Nxd4
9.Qxd4 d6 10.e4 a6 {#d} 1/2-1/2

[Event "Ch Slovakia (team) 1999/00 (2 liga) (b)"]
[Site "Slovakia"]
[Round "0"]
[White "Budinsky Jozef (SVK)"]
[Black "Goth Gabor (SVK)"]
[Result "1-0"]
[WhiteElo "2133"]
[BlackElo "2071"]

1.c4 c5 2.Nf3 Nf6 3.Nc3 Nc6 4.g3 g6 5.Bg2 Bg7 6.O-O O-O 7.d4 cxd4 8.Nxd4 e5
9.Ndb5 a6 10.Nd6 Ne8 11.Be3 Kh8 12.Nxe8 Rxe8 13.Nd5 Nd4 14.f4 f6 15.Qd2 Rb8
16.fxe5 fxe5 17.Bg5 {#r} 1-0

[Event "Ch Tula Region (open)"]
[Site "Tula (Russia)"]
[Round "1"]
[White "Granovski Aleksandar (KAZ)"]
[Black "Ivanov Victor L (RUS)"]
[Result "1/2-1/2"]
[WhiteElo "2296"]
[BlackElo "2436"]

1.Nf3 Nf6 2.g3 g6 3.Bg2 Bg7 4.O-O O-O 5.c4 c5 6.Nc3 Nc6 7.d4 cxd4 8.Nxd4 Nxd4
9.Qxd4 d6 10.Qd3 a6 11.Bd2 {#d} 1/2-1/2

[Event "Bayern Oberliga 2000/01"]
[Site "Bayern (Germany)"]
[Round "9"]
[White "Roth Norbert (GER)"]
[Black "Goetz Ralph (GER)"]
[Result "1/2-1/2"]
[WhiteElo "2269"]
[BlackElo "2287"]

1.c4 c5 2.Nc3 Nf6 3.Nf3 Nc6 4.g3 g6 5.Bg2 Bg7 6.O-O O-O 7.d4 cxd4 8.Nxd4 Ng4
9.e3 Nxd4 10.exd4 Nh6 11.Be3 Nf5 12.Qd3 d6 13.b4 Rb8 14.Rfc1 b6 15.b5 e6
16.Rab1 Bb7 17.Bc6 Qc7 18.d5 Nxe3 19.Qxe3 e5 {#d} 1/2-1/2

[Event "It (open)"]
[Site "Bergen (Norway)"]
[Round "3"]
[White "Trygstad Kristian (NOR)"]
[Black "Brynell Stellan (SWE)"]
[Result "1/2-1/2"]
[WhiteElo "2313"]
[BlackElo "2506"]

1.Nf3 Nf6 2.c4 c5 3.g3 g6 4.Bg2 Bg7 5.Nc3 O-O 6.O-O Nc6 7.d4 cxd4 8.Nxd4 Ng4
9.e3 d6 10.h3 Nxd4 11.exd4 Nh6 12.Bf4 Nf5 13.d5 e5 14.dxe6 Bxe6 15.Qd3 Be5
16.Qe4 Qa5 17.Bxe5 dxe5 {#d} 1/2-1/2

[Event "It (b)"]
[Site "Budapest (Hungary)"]
[Round "4"]
[White "Boguszlavszkij Jevgenyij (HUN)"]
[Black "Kahn Evarth Dr (HUN)"]
[Result "1/2-1/2"]
[WhiteElo "2268"]
[BlackElo "2284"]

1.g3 g6 2.Bg2 Bg7 3.c4 c5 4.Nc3 Nc6 5.Nf3 Nf6 6.O-O O-O 7.d4 cxd4 8.Nxd4 Nxd4
9.Qxd4 d6 10.Rd1 Nd7 11.Qe3 Re8 12.Bd2 Qb6 13.Qxb6 Nxb6 {#d} 1/2-1/2

[Event "It"]
[Site "Dong Thap (Vietnam)"]
[Round "4"]
[White "Pham Minh Hoang (VIE)"]
[Black "Le Dinh Tuan (VIE)"]
[Result "1/2-1/2"]
[WhiteElo "2357"]
[BlackElo "2304"]

1.c4 c5 2.Nc3 Nc6 3.Nf3 Nf6 4.g3 g6 5.Bg2 Bg7 6.O-O O-O 7.d4 cxd4 8.Nxd4 Nxd4
9.Qxd4 d6 10.Qh4 a6 {#d} 1/2-1/2

[Event "Ch Germany (seniors)"]
[Site "Dresden (Germany)"]
[Round "6"]
[White "Moschell Hans-Helmut (GER)"]
[Black "Kaschte Heinz (GER)"]
[Result "1/2-1/2"]
[WhiteElo "2169"]
[BlackElo "1906"]

1.c4 c5 2.Nc3 Nf6 3.g3 Nc6 4.Bg2 g6 5.Nf3 Bg7 6.O-O O-O 7.d4 cxd4 8.Nxd4 Nxd4
9.Qxd4 d6 10.Qd3 Rb8 11.Be3 b6 12.Rac1 Bf5 13.Qd2 Qc8 14.Rfe1 Re8 15.b3 Bh3
16.Bh1 Ng4 17.Bd4 Bh6 {#d} 1/2-1/2

[Event "It (open)"]
[Site "Dubai (United Arab Emirates)"]
[Round "7"]
[White "Othman A Moussa (UAE)"]
[Black "Abdullah Mansoor (UAE)"]
[Result "1/2-1/2"]
[WhiteElo "2373"]
[BlackElo "2270"]

1.c4 Nf6 2.Nc3 c5 3.g3 g6 4.Bg2 Bg7 5.Nf3 O-O 6.O-O Nc6 7.d4 cxd4 8.Nxd4 Nxd4
9.Qxd4 d6 10.Qd2 Rb8 11.b3 Be6 12.Bb2 Qa5 13.Rfd1 a6 {#d} 1/2-1/2

[Event "It (open)"]
[Site "Linares (Spain)"]
[Round "1"]
[White "Sriram Jha (IND)"]
[Black "Garcia-Blazquez Perez Manuel (ESP)"]
[Result "1-0"]
[WhiteElo "2401"]
[BlackElo "1945"]

1.Nf3 Nf6 2.c4 c5 3.Nc3 Nc6 4.g3 g6 5.Bg2 Bg7 6.O-O O-O 7.d4 cxd4 8.Nxd4 Nxd4
9.Qxd4 Ne8 10.Qd3 Bxc3 11.Qxc3 Ng7 12.Rd1 e5 13.Qxe5 Re8 14.Qc3 Rxe2 15.Be3
Nf5 16.Bf3 Nxe3 17.fxe3 {#r} 1-0

[Event "It (open)"]
[Site "Seefeld (Austria)"]
[Round "3"]
[White "Fischer Gerd (GER)"]
[Black "Baumann Kurt_ (SUI)"]
[Result "1-0"]
[WhiteElo "2203"]
[BlackElo "1985"]

1.c4 Nf6 2.Nc3 g6 3.g3 c5 4.Bg2 Bg7 5.Nf3 Nc6 6.O-O O-O 7.d4 cxd4 8.Nxd4 Nxd4
9.Qxd4 d6 10.Qd2 Rb8 11.b3 Bf5 12.Bb2 Qd7 13.Rfd1 Rfd8 14.Nd5 Ne4 15.Bxe4 {#r}
1-0

[Event "It (open)"]
[Site "Tapolca (Hungary)"]
[Round "3"]
[White "Juhasz Laszlo (HUN)"]
[Black "Csatari Mariann (HUN)"]
[Result "1/2-1/2"]
[WhiteElo "2197"]
[BlackElo "2106"]

1.c4 c5 2.Nc3 Nc6 3.Nf3 Nf6 4.g3 g6 5.Bg2 Bg7 6.O-O O-O 7.d4 cxd4 8.Nxd4 Nxd4
9.Qxd4 d6 10.e4 Be6 11.Rb1 Qd7 12.Bg5 Bh3 13.Qe3 Bxg2 14.Kxg2 b6 15.Bh6 Rac8
16.Bxg7 Kxg7 17.b3 {#d} 1/2-1/2

[Event "Ch Tula Region (open)"]
[Site "Tula (Russia)"]
[Round "4"]
[White "Kainov Aleksey (RUS)"]
[Black "Biriukov Ilja (RUS)"]
[Result "1/2-1/2"]
[WhiteElo "2165"]
[BlackElo "2356"]

1.c4 c5 2.Nc3 Nc6 3.g3 g6 4.Bg2 Bg7 5.Nf3 Nf6 6.O-O O-O 7.d4 cxd4 8.Nxd4 Nxd4
9.Qxd4 d6 10.Qd3 Rb8 11.Bg5 Bd7 12.Rad1 Bc6 13.Nd5 Bxd5 14.cxd5 a6 15.e4 Nd7
{#d} 1/2-1/2

[Event "Oberliga NRW (1) 2001/02"]
[Site "Germany"]
[Date "2001.10.21"]
[Round "2"]
[White "Balduan Markus (GER)"]
[Black "Werbeck Torsten (GER)"]
[Result "1/2-1/2"]
[WhiteElo "2313"]
[BlackElo "2256"]

1.c4 Nf6 2.Nf3 c5 3.Nc3 Nc6 4.g3 g6 5.Bg2 Bg7 6.O-O O-O 7.d4 cxd4 8.Nxd4 Nxd4
9.Qxd4 d6 10.Qd3 Qa5 11.Bd2 Qh5 12.f3 Be6 13.b3 d5 14.cxd5 Nxd5 {#d} 1/2-1/2

[Event "It (open)"]
[Site "Le Mans (France)"]
[Date "2001.12.29"]
[Round "6"]
[White "Deslandes Jeremy"]
[Black "Davoust Kevin"]
[Result "1-0"]
[WhiteElo "1500"]
[BlackElo "1470"]

1.c4 c5 2.Nc3 Nc6 3.Nf3 Nf6 4.g3 g6 5.Bg2 Bg7 6.O-O O-O 7.d4 cxd4 8.Nxd4 a6
9.b3 Nh5 10.Nxc6 dxc6 11.Bb2 Nf6 12.Qxd8 Rxd8 13.Rfd1 Bf5 14.Kf1 Rd6 15.Rxd6
exd6 16.Rd1 Rd8 17.e3 Be6 {#r} 1-0

[Event "Ch Hessen"]
[Site "Bruchkoebel (Germany)"]
[Round "1"]
[White "Heck Norbert (GER)"]
[Black "Overbeck Thorsten (GER)"]
[Result "1/2-1/2"]
[WhiteElo "2252"]
[BlackElo "2147"]

1.Nf3 g6 2.c4 Bg7 3.g3 Nf6 4.Bg2 c5 5.O-O Nc6 6.Nc3 O-O 7.d4 cxd4 8.Nxd4 Nxd4
9.Qxd4 d6 10.Qd2 Rb8 11.b3 a6 12.Bb2 b5 13.cxb5 axb5 14.Rac1 Be6 15.Rfd1 b4
{#d} 1/2-1/2

[Event "It (cat.8)"]
[Site "Bucharest (Romania)"]
[Round "10"]
[White "Mateuta Gabriel (ROM)"]
[Black "Badea Bela (ROM)"]
[Result "1/2-1/2"]
[WhiteElo "2402"]
[BlackElo "2495"]

1.c4 c5 2.Nf3 Nf6 3.g3 g6 4.Bg2 Bg7 5.O-O O-O 6.Nc3 Nc6 7.d4 cxd4 8.Nxd4 Nxd4
9.Qxd4 d6 10.Bg5 Be6 {#d} 1/2-1/2

[Event "Czech League (V) 2001/02"]
[Site "Czech Republic"]
[Round "5"]
[White "Soukup Vaclav (CZE)"]
[Black "Prokupek Marek"]
[Result "1/2-1/2"]
[WhiteElo "2141"]
[BlackElo "1889"]

1.c4 c5 2.Nc3 Nc6 3.Nf3 Nf6 4.g3 g6 5.Bg2 Bg7 6.O-O O-O 7.d4 cxd4 8.Nxd4 Qb6
9.Nc2 d6 10.b3 a5 11.Be3 Qd8 12.h3 {#d} 1/2-1/2

[Event "It (open)"]
[Site "Leutersdorf (Germany)"]
[Round "1"]
[White "Sandner Gunter (GER)"]
[Black "Uhlmann Wolfgang (GER)"]
[Result "0-1"]
[WhiteElo "2323"]
[BlackElo "2446"]

1.Nf3 Nf6 2.c4 c5 3.g3 g6 4.Bg2 Bg7 5.O-O O-O 6.Nc3 Nc6 7.d4 cxd4 8.Nxd4 Ng4
9.Nxc6 dxc6 10.Qc2 Qd4 11.Qe4 Be6 12.h3 Qxe4 13.Nxe4 Ne5 14.c5 Rfd8 15.Bg5 Kf8
16.b3 f5 {#R} 0-1

[Event "It (cat.7)"]
[Site "Moscow (Russia)"]
[Round "7"]
[White "Seferjan Narek (ARM)"]
[Black "Naumkin Igor (RUS)"]
[Result "1/2-1/2"]
[WhiteElo "2513"]
[BlackElo "2412"]

1.c4 Nf6 2.g3 g6 3.Bg2 Bg7 4.Nf3 O-O 5.Nc3 c5 6.O-O Nc6 7.d4 cxd4 8.Nxd4 Nxd4
9.Qxd4 d6 10.Bg5 a6 11.Rad1 Rb8 12.Qd2 Be6 13.b3 b5 14.cxb5 axb5 15.Bxf6 Bxf6
16.Nd5 Bxd5 17.Qxd5 b4 {#d} 1/2-1/2

[Event "It (cat.11)"]
[Site "Pinamar (Argentina)"]
[Round "7"]
[White "Mohr Georg (SLO)"]
[Black "Zarnicki Pablo (ARG)"]
[Result "1/2-1/2"]
[WhiteElo "2480"]
[BlackElo "2536"]

1.Nf3 Nf6 2.c4 c5 3.Nc3 Nc6 4.g3 g6 5.Bg2 Bg7 6.O-O O-O 7.d4 cxd4 8.Nxd4 Nxd4
9.Qxd4 d6 10.Qd3 a6 {#d} 1/2-1/2

[Event "It"]
[Site "Cala d'Or (Spain)"]
[Round "3"]
[White "Minzer Claudio Javier (ARG)"]
[Black "Braga Fernando (AND)"]
[Result "1/2-1/2"]
[WhiteElo "2424"]
[BlackElo "2465"]

1.c4 c5 2.Nf3 Nf6 3.g3 g6 4.Bg2 Bg7 5.O-O O-O 6.Nc3 Nc6 7.d4 cxd4 8.Nxd4 Nxd4
9.Qxd4 d6 10.Qd3 a6 11.Bd2 Rb8 12.b3 Bd7 13.Rac1 b5 14.cxb5 axb5 {#d} 1/2-1/2

[Event "It (cat.4)"]
[Site "Clichy (France)"]
[Round "9"]
[White "Verat Laurent (FRA)"]
[Black "Grimberg Gilbert (FRA)"]
[Result "1/2-1/2"]
[WhiteElo "2346"]
[BlackElo "2327"]

1.Nf3 Nf6 2.g3 g6 3.Bg2 Bg7 4.O-O O-O 5.c4 c5 6.Nc3 Nc6 7.d4 cxd4 8.Nxd4 Nxd4
9.Qxd4 d6 10.Bg5 Be6 11.Qh4 Rc8 12.b3 Qa5 13.Rac1 Rc5 14.Bd2 Rh5 15.Qf4 Rf5
16.Qh4 Rh5 17.Qf4 Rf5 18.Qh4 {#d} 1/2-1/2

[Event "Ch India"]
[Site "Mumbai (India)"]
[Round "21"]
[White "Suvrajit Saha (IND)"]
[Black "Bakre Tejas (IND)"]
[Result "1/2-1/2"]
[WhiteElo "2395"]
[BlackElo "2491"]

1.Nf3 Nf6 2.g3 g6 3.Bg2 Bg7 4.O-O O-O 5.c4 c5 6.Nc3 Nc6 7.d4 cxd4 8.Nxd4 a6
9.Nxc6 bxc6 10.Be3 Rb8 {#d} 1/2-1/2

[Event "It (cat.2)"]
[Site "Ramat Aviv (Israel)"]
[Round "1"]
[White "Porat Ido (ISR)"]
[Black "Porat David (ISR)"]
[Result "1/2-1/2"]
[WhiteElo "2260"]
[BlackElo "2280"]

1.Nf3 c5 2.c4 Nc6 3.g3 g6 4.Bg2 Bg7 5.Nc3 Nf6 6.O-O O-O 7.d4 d5 8.cxd5 Nxd5
9.Nxd5 Qxd5 10.dxc5 Qxc5 11.Qb3 Be6 12.Be3 Bxb3 13.Bxc5 Bd5 14.Nd2 Bxg2
15.Kxg2 {#d} 1/2-1/2

[Event "Memorial Karl Mala (open)"]
[Site "Griesheim (Germany)"]
[Date "2003.07.26"]
[Round "5"]
[White "Rowland Anthony (GER)"]
[Black "Goebel Andreas (GER)"]
[Result "1/2-1/2"]
[WhiteElo "1929"]
[BlackElo "2079"]

1.c4 Nf6 2.Nf3 c5 3.g3 g6 4.Bg2 Bg7 5.Nc3 Nc6 6.O-O O-O 7.d4 cxd4 8.Nxd4 Ng4
9.e3 d6 10.b3 Nge5 11.h3 Qa5 12.Nd5 e6 13.Bd2 Qd8 14.Nc3 Nxd4 15.exd4 Nc6
16.Be3 {#d} 1/2-1/2

[Event "It (open)"]
[Site "Litomysl (Czech Republic)"]
[Date "2003.12.30"]
[Round "7"]
[White "Konopka Michal (CZE)"]
[Black "Polak Tomas (CZE)"]
[Result "1/2-1/2"]
[WhiteElo "2458"]
[BlackElo "2466"]

1.c4 c5 2.Nf3 Nf6 3.Nc3 Nc6 4.g3 g6 5.Bg2 Bg7 6.O-O O-O 7.d4 cxd4 8.Nxd4 Nxd4
9.Qxd4 d6 10.Qd3 Bf5 {#d} 1/2-1/2

[Event "It (cat.8)"]
[Site "Alushta (Ukraine)"]
[Date "2004.05.20"]
[Round "11"]
[White "Kulicov Oleg (RUS)"]
[Black "Derjabin Ilja (UKR)"]
[Result "1/2-1/2"]
[WhiteElo "2393"]
[BlackElo "2359"]

1.c4 c5 2.Nc3 Nc6 3.g3 g6 4.Bg2 Bg7 5.Nf3 Nf6 6.O-O O-O 7.d4 cxd4 8.Nxd4 Nxd4
9.Qxd4 d6 10.Qd3 Bf5 11.e4 Be6 12.b3 Qa5 13.Bd2 Qh5 14.f3 Rac8 {#d} 1/2-1/2

[Event "It \"]
[Site "Copenhagen (Denmark)"]
[Date "2004.07.29"]
[Round "7"]
[White "Thomassen Thomas (NOR)"]
[Black "Soraas Torben (NOR)"]
[Result "1/2-1/2"]
[WhiteElo "2010"]
[BlackElo "2079"]

1.Nf3 Nf6 2.c4 c5 3.g3 g6 4.Bg2 Nc6 5.O-O Bg7 6.Nc3 O-O 7.d4 cxd4 8.Nxd4 Nxd4
9.Qxd4 d6 10.Qd3 Rb8 11.b3 Be6 12.Bb2 Qa5 13.Rfd1 Rfc8 14.Nb5 a6 15.Bc3 Qb6
16.Bd4 Qa5 17.Bc3 Qb6 18.Bd4 Qa5 {#d} 1/2-1/2